Just-Peace in globalized context focus on North East India / (Record no. 9526)
[ view plain ]
| 000 -LEADER | |
|---|---|
| fixed length control field | 00671nam a22001817a 4500 |
| 003 - CONTROL NUMBER IDENTIFIER | |
| control field | GBCCL |
| 005 - DATE AND TIME OF LATEST TRANSACTION | |
| control field | 20241126110713.0 |
| 008 - FIXED-LENGTH DATA ELEMENTS--GENERAL INFORMATION | |
| fixed length control field | 230227b ||||| |||| 00| 0 eng d |
| 020 ## - INTERNATIONAL STANDARD BOOK NUMBER | |
| International Standard Book Number | 9789881707888 |
| 040 ## - CATALOGING SOURCE | |
| Transcribing agency | gbc |
| 082 ## - DEWEY DECIMAL CLASSIFICATION NUMBER | |
| Classification number | 261.8 |
| Item number | JUS |
| 245 ## - TITLE STATEMENT | |
| Title | Just-Peace in globalized context focus on North East India / |
| Statement of responsibility, etc. | edited by Yangkahao Vashum, Muriel Orevilli-Montenegro |
| 260 ## - PUBLICATION, DISTRIBUTION, ETC. | |
| Place of publication, distribution, etc. | Jorhat , Assam : Hongkong : |
| Name of publisher, distributor, etc. | Tribal study centre, ETC ; Interfaith cooperation forum Asia and Pacific alliance og YMCAs |
| Date of publication, distribution, etc. | 2021 |
| 300 ## - PHYSICAL DESCRIPTION | |
| Extent | 239p; |
| 440 ## - SERIES STATEMENT/ADDED ENTRY--TITLE | |
| Title | Tribal study series |
| Number of part/section of a work | 25 |
| 9 (RLIN) | 16589 |
| 650 ## - SUBJECT ADDED ENTRY--TOPICAL TERM | |
| Topical term or geographic name entry element | Northeastern India |
| Form subdivision | Peace-building |
| General subdivision | Theology |
| 9 (RLIN) | 16590 |
| 942 ## - ADDED ENTRY ELEMENTS (KOHA) | |
| Source of classification or shelving scheme | Dewey Decimal Classification |
| Koha item type | Books |
| Koha issues (borrowed), all copies | 1 |
| Withdrawn status | Lost status | Source of classification or shelving scheme | Damaged status | Not for loan | Home library | Current Library | Shelving location | Date acquired | Total checkouts | Full call number | Barcode | Date last seen | Copy number | Price effective from | Koha item type | Date last checked out |
|---|---|---|---|---|---|---|---|---|---|---|---|---|---|---|---|---|
| Dewey Decimal Classification | GRACE BIBLE COLLEGE | GRACE BIBLE COLLEGE | North East Collection | 2023-02-27 | 261.8 JUS | 015889 | 2025-05-01 | c.1 | 2023-02-27 | Books | ||||||
| Dewey Decimal Classification | GRACE BIBLE COLLEGE | GRACE BIBLE COLLEGE | North East Collection | 2023-02-27 | 1 | 261.8 JUS | 015890 | 2025-05-01 | c.2 | 2023-02-27 | Books | 2024-02-12 |